• AIU
  • Tony Wilmot Memorial Library

Naawunni Kunni Paalli. (Record no. 41881)

MARC details
000 -LEADER
fixed length control field 00730nam a22002171a 4500
005 - DATE AND TIME OF LATEST TRANSACTION
control field 20110718133630.0
008 - FIXED-LENGTH DATA ELEMENTS--GENERAL INFORMATION
fixed length control field 091005s2002 001 0 eng d
020 ## - INTERNATIONAL STANDARD BOOK NUMBER
Terms of availability 0.00
040 ## - CATALOGING SOURCE
Original cataloging agency NEGST Library - Kenya
050 #4 - LIBRARY OF CONGRESS CALL NUMBER
Classification number BS 325.M36 2002
082 0# - DEWEY DECIMAL CLASSIFICATION NUMBER
Classification number BS 325.M36 2002
100 1# - MAIN ENTRY--PERSONAL NAME
Personal name Wycliffe Bible Translators.
245 10 - TITLE STATEMENT
Title Naawunni Kunni Paalli.
260 ## - PUBLICATION, DISTRIBUTION, ETC. (IMPRINT)
Place of publication, distribution, etc Tamale :
Name of publisher, distributor, etc Ghana Institute of Lingu,
Date of publication, distribution, etc 2002.
300 ## - PHYSICAL DESCRIPTION
Extent 489 p.
500 ## - GENERAL NOTE
General note "The New Testament in the Mampruli language of Ghana." - T.p. verso. [Africana]
600 10 - SUBJECT ADDED ENTRY--PERSONAL NAME
Personal name Mampruli language - Texts.
600 10 - SUBJECT ADDED ENTRY--PERSONAL NAME
Personal name Bible. N.T. Mampruli. 2002.
700 1# - ADDED ENTRY--PERSONAL NAME
Personal name Ghana Institute of Linguistics, Literacy.
852 ## - LOCATION/CALL NUMBER
-- 5.00
Holdings
Withdrawn status Lost status Source of classification or shelving scheme Damaged status Not for loan Collection code Home library Current library Shelving location Date acquired Full call number Barcode Date last seen Price effective from Koha item type
    Library of Congress Classification     Reference AIU/NEGST - Tony Wilmot Memorial Library AIU/NEGST - Tony Wilmot Memorial Library Reference 10/05/2009 REF BS 325.M36 2002 R36590K3232 09/26/2019 10/05/2009 Africana collection ( Reference)